Fr. Conceicao Rodrigues College of Engineering

Concise Inorganic chemistry (Record no. 33599)

MARC details
000 -LEADER
fixed length control field 00353nam a2200181Ia 4500
082 ## - DEWEY DECIMAL CLASSIFICATION NUMBER
Item number LEE
100 ## - MAIN ENTRY--PERSONAL NAME
Personal name Lee/J.D
250 ## - EDITION STATEMENT
Edition statement 5
245 ## - TITLE STATEMENT
Title Concise Inorganic chemistry
260 ## - PUBLICATION, DISTRIBUTION, ETC.
Name of publisher, distributor, etc. Wiley
Date of publication, distribution, etc. 1996
366 ## - TRADE AVAILABILITY INFORMATION
Publishers's discount category 20
300 ## - PHYSICAL DESCRIPTION
Extent 1032
546 ## - LANGUAGE NOTE
Language note ENGLISH
650 ## - SUBJECT ADDED ENTRY--TOPICAL TERM
Topical term or geographic name entry element Chemistry
654 ## - SUBJECT ADDED ENTRY--FACETED TOPICAL TERMS
Focus term inorganic chemistry
942 ## - ADDED ENTRY ELEMENTS (KOHA)
Koha item type BOOK
Holdings
Withdrawn status Lost status Damaged status Not for loan Collection Home library Current library Date acquired Source of acquisition Cost, normal purchase price Inventory number Total Checkouts Full call number Barcode Date due Date last seen Date last checked out Cost, replacement price Price effective from Koha item type
        CRC Fr. Agnel's C.Rodrigues College of Engineering Fr. Agnel's C.Rodrigues College of Engineering 17/03/2023 Allied Publishers 716.00 134 dt 10.09.2019 1 LEE 25676 02/04/2026 02/01/2026 02/01/2026 895.00   BOOK